Films - Quentin Tarantino - Statistiques

Statistiques générales
  • Ce quiz a été pris 149 fois
  • Le résultat moyen est 7 sur 10
Statistiques - réponses
Date Acteurs Film % Correct
1994 J. Travolta / U. Thurman / S. L. Jackson Pulp Fiction
98%
2012 J. Foxx / C. Waltz Django Unchained
87%
2003 U. Thurman Kill Bill : Volume 1
83%
2004 U. Thurman Kill Bill: Volume 2
83%
2019 L. DiCaprio / B. Pitt Once Upon a Time in Hollywood
79%
1992 H. Keitel / T. Roth / M. Madsen Reservoir Dogs
79%
1997 P. Grier / S. L. Jackson / R. De Niro Jackie Brown
60%
2009 M. Laurent / C. Waltz / B. Pitt Inglourious Basterds
59%
2015 S. L. Jackson / K. Russel Les Huit Salopards
55%
2007 K. Russel / Z. Bell Boulevard de la mort
49%
Aucun quiz correspondant
Distribution des résultats
% des personnes avec chaque résultat
Percentile par nombre de réponses
Votre historique - résultats
Vous n’avez pas pris ce quiz